[Event "USA Chess Masters"]
[Site "Greensboro USA"]
[Date "2014.08.28"]
[Round "1.35"]
[White "Kleinman, Michael"]
[Black "Panuganti, Kireet"]
[Result "1-0"]
[WhiteElo "2297"]
[BlackElo "1914"]
[PlyCount "81"]
[EventDate "2014.08.28"]
[EventType "swiss"]
[EventRounds "9"]
[EventCountry "USA"]
[Source "Mark Crowther"]
[SourceDate "2014.09.01"]

1. e4 c5 2. Nf3 d6 3. d4 cxd4 4. Qxd4 a6 5. c4 Nc6 6. Qe3 Nf6 7. h3 g6 8. Be2
Bg7 9. O-O O-O 10. Nc3 Rb8 11. Bd2 Ne8 12. Rac1 Nc7 13. Na4 Ne6 14. Bc3 Bxc3
15. Nxc3 Bd7 16. Rfd1 b6 17. e5 dxe5 18. Nxe5 Nxe5 19. Qxe5 Qc8 20. Nd5 Re8 21.
Bf3 f6 22. Qe3 Qc5 23. Qc3 Qc8 24. b4 Ng5 25. Be2 Kf7 26. Qe3 Qb7 27. h4 Ne6
28. Bf3 Qa7 29. Bg4 Nf8 30. Bf3 e6 31. Nc3 Qc7 32. Ne4 Kg7 33. c5 Ba4 34. Rd6
Nd7 35. cxb6 Qd8 36. Rc7 Kg8 37. Rdxd7 Bxd7 38. Rxd7 Qxd7 39. Nxf6+ Kf7 40.
Nxd7 Rbd8 41. Bc6 1-0

[Event "USA Chess Masters"]
[Site "Greensboro USA"]
[Date "2014.09.01"]
[Round "8.11"]
[White "Kleinman, Michael"]
[Black "Bosiocic, Marin"]
[Result "0-1"]
[WhiteElo "2297"]
[BlackElo "2548"]
[PlyCount "74"]
[EventDate "2014.08.28"]
[EventType "swiss"]
[EventRounds "9"]
[EventCountry "USA"]
[Source "Mark Crowther"]
[SourceDate "2014.09.08"]

1. e4 e5 2. Nf3 Nc6 3. Bb5 a6 4. Ba4 Nf6 5. O-O Be7 6. Re1 b5 7. Bb3 d6 8. c3
O-O 9. h3 Nb8 10. d4 Nbd7 11. Nbd2 Bb7 12. Bc2 Re8 13. Nf1 Bf8 14. Ng3 g6 15.
b3 Bg7 16. d5 Qb8 17. Be3 c6 18. c4 bxc4 19. bxc4 Qc7 20. Qd2 Rab8 21. Rab1 Ba8
22. Bb3 Bf8 23. Rbc1 Rec8 24. Qd3 Qa5 25. Nd2 Be7 26. Ne2 Nc5 27. Qc3 Qxc3 28.
Rxc3 Ncxe4 29. Nxe4 Nxe4 30. Rcc1 cxd5 31. cxd5 Bb7 32. g4 Bg5 33. Kg2 Bxe3 34.
fxe3 a5 35. Ng3 Nc3 36. Rxc3 Rc5 37. Rxc5 Rc8 0-1

[Event "Fall ProAm"]
[Site "Guelph CAN"]
[Date "2011.11.05"]
[Round "1"]
[White "Cormier, Adam"]
[Black "Kleinman, Michael"]
[Result "0-1"]
[WhiteElo "2076"]
[BlackElo "2376"]
[PlyCount "100"]
[EventDate "2011.11.05"]
[EventType "swiss"]
[EventRounds "5"]
[EventCountry "CAN"]

1. d4 Nf6 2. c4 g6 3. Nc3 d5 4. Nf3 Bg7 5. Qb3 dxc4 6. Qxc4 O-O 7. e4 Nc6 8.
Be2 Nd7 9. Be3 Nb6 10. Qc5 f5 11. Rd1 f4 12. Bc1 e6 13. Bb5 Qd6 14. Bxc6 bxc6
15. Ne2 Qxc5 16. dxc5 Na4 17. e5 Ba6 18. Nxf4 Nxc5 19. Be3 Rxf4 20. Bxf4 Nd3+
21. Ke2 Bc4 22. b3 Bd5 23. Nd4 a5 24. Kd2 a4 25. Rc1 Bf8 26. Nxc6 axb3 27. axb3
Ra2+ 28. Ke3 Ba3 29. Rc3 Bxg2 30. b4 Bxc6 31. Rxa3 g5 32. Bg3 Rb2 33. Rc3 Bd5
34. Rxc7 Rb3 35. Kd2 h5 36. Rc8+ Kg7 37. Rc7+ Kg6 38. Rc8 h4 39. Rg8+ Kh6 40.
Rf8 Rxb4 41. Rf6+ Kg7 42. f4 g4 43. f5 exf5 44. Rxf5 Kg6 45. Rf6+ Kg5 46. Ra6
Bf3 47. Ra2 Re4 48. Rb2 Nxe5 49. Ra2 Kf5 50. Rb2 Re2+ 0-1

[Event "Fall ProAm"]
[Site "Guelph CAN"]
[Date "2011.11.06"]
[Round "4"]
[White "Dougherty, Michael"]
[Black "Kleinman, Michael"]
[Result "0-1"]
[WhiteElo "2305"]
[BlackElo "2376"]
[PlyCount "102"]
[EventDate "2011.11.05"]
[EventType "swiss"]
[EventRounds "5"]
[EventCountry "CAN"]

1. d4 Nf6 2. c4 g6 3. Nc3 d5 4. Nf3 Bg7 5. cxd5 Nxd5 6. e4 Nxc3 7. bxc3 c5 8.
Bb5+ Nc6 9. O-O cxd4 10. cxd4 O-O 11. Be3 Bg4 12. Bxc6 bxc6 13. Rc1 Qa5 14.
Rxc6 Qxa2 15. h3 Bxf3 16. Qxf3 a5 17. Rfc1 a4 18. Qd1 Qb3 19. Qxb3 axb3 20. Rb6
Rfb8 21. Rxb8+ Rxb8 22. Kf1 e5 23. d5 Bf8 24. Rb1 Ba3 25. f4 b2 26. Ke2 f6 27.
fxe5 fxe5 28. Bg5 Kf7 29. Bd2 Rc8 30. Kd3 Rc1 31. Bxc1 bxc1=Q 32. Rxc1 Bxc1 33.
Kc4 h5 34. g3 Ke7 35. Kc5 Kd7 36. Kb6 Be3+ 37. Kb5 Bf2 38. g4 h4 39. Ka6 Kc7
40. Kb5 Kd6 41. Kc4 Bb6 42. Kb5 Bd8 43. Kc4 Ke7 44. Kc5 Kf6 45. Kd6 Be7+ 46.
Kd7 Bb4 47. d6 Kg5 48. Ke6 Kf4 49. g5 Bxd6 50. Kxd6 Kxe4 51. Ke6 Kf4 0-1

[Event "Thanksgiving op"]
[Site "Toronto CAN"]
[Date "2011.10.09"]
[Round "4"]
[White "Kleinman, Michael"]
[Black "Sapozhnikov, Roman"]
[Result "0-1"]
[WhiteElo "2385"]
[BlackElo "2449"]
[PlyCount "44"]
[EventDate "2011.10.08"]
[EventType "swiss"]
[EventRounds "6"]
[EventCountry "CAN"]

1. e4 c5 2. Nf3 d6 3. d4 cxd4 4. Qxd4 Nc6 5. Bb5 Bd7 6. Qd3 Nf6 7. Bg5 Nb4 8.
Bxd7+ Qxd7 9. Qe2 Qc6 10. Nc3 Nxe4 11. Nxe4 Nxc2+ 12. Kd2 Nxa1 13. Rxa1 Rc8 14.
Ke1 e6 15. Rc1 Qd7 16. Rd1 d5 17. a3 h6 18. Ne5 Qa4 19. Rd4 Qxd4 20. Qb5+ Rc6
21. Nf6+ gxf6 22. Nxc6 Qb6 0-1

[Event "CAN-op (Pinnacle 48th CAN Op Ch)"]
[Site "Toronto CAN"]
[Date "2011.07.09"]
[Round "1"]
[White "Rachar, Sean"]
[Black "Kleinman, Michael"]
[Result "0-1"]
[WhiteElo "1980"]
[BlackElo "2343"]
[PlyCount "98"]
[EventDate "2011.07.09"]
[EventType "swiss"]
[EventRounds "9"]
[EventCountry "CAN"]

1. d4 Nf6 2. c4 g6 3. Nc3 d5 4. cxd5 Nxd5 5. e4 Nxc3 6. bxc3 Bg7 7. Be3 c5 8.
Qd2 Qa5 9. Nf3 O-O 10. Rb1 cxd4 11. cxd4 Qxd2+ 12. Kxd2 e6 13. Bd3 Rd8 14. Rhc1
Nc6 15. Rc4 Bd7 16. Bg5 f6 17. Be3 b6 18. Rcc1 Bf8 19. Ke2 Nb4 20. Bc4 b5 21.
Bb3 a5 22. a3 Na6 23. d5 Re8 24. Nd4 e5 25. Nc2 Nc5 26. f3 Rac8 27. Bd2 Nxb3
28. Rxb3 Ra8 29. Ne3 Bd6 30. h3 Kf7 31. Be1 Reb8 32. Rcb1 Rc8 33. Bd2 Ke7 34.
Rc1 Rxc1 35. Bxc1 Rc8 36. Kd2 Bc5 37. Ke2 b4 38. axb4 Bb5+ 39. Kd1 Bd4 40. Ra3
axb4 41. Ra5 Rxc1+ 42. Kxc1 Bxe3+ 43. Kc2 Bf1 44. Kb3 Bxg2 45. Rb5 Bxf3 46.
Rxb4 Bd4 47. Rb7+ Kd6 48. Rxh7 Bxe4 49. Rf7 Bxd5+ 0-1

[Event "CAN-op (Pinnacle 48th CAN Op Ch)"]
[Site "Toronto CAN"]
[Date "2011.07.11"]
[Round "3"]
[White "Knox, Christopher"]
[Black "Kleinman, Michael"]
[Result "0-1"]
[WhiteElo "2072"]
[BlackElo "2343"]
[PlyCount "100"]
[EventDate "2011.07.09"]
[EventType "swiss"]
[EventRounds "9"]
[EventCountry "CAN"]

1. d4 Nf6 2. Nf3 g6 3. Nc3 Bg7 4. Bf4 O-O 5. e3 d6 6. h3 a6 7. Be2 Nbd7 8. Qd2
c5 9. a4 cxd4 10. exd4 b6 11. Bh6 e5 12. Bxg7 Kxg7 13. dxe5 dxe5 14. O-O-O Qc7
15. g4 Nc5 16. Qd6 Qxd6 17. Rxd6 b5 18. Nxe5 Bb7 19. Bf3 Bxf3 20. Nxf3 b4 21.
Nd1 Nxa4 22. g5 Nh5 23. Re1 Ra7 24. Re4 a5 25. Rc4 Rb8 26. Ne5 Rb5 27. Nc6 Rc7
28. Nxa5 Rxc4 29. Nxc4 Rxg5 30. b3 Nc3 31. Kb2 Nxd1+ 32. Rxd1 Nf4 33. Rd4 Nxh3
34. Nd6 Nxf2 35. Rxb4 Rd5 36. Ne8+ Kf8 37. Nc7 Rf5 38. Rd4 g5 39. Rd5 Rxd5 40.
Nxd5 g4 41. Nf4 Nh3 42. Ne2 h5 43. Ng3 Nf4 44. b4 h4 45. b5 Ke8 46. Nf5 h3 47.
Ng3 h2 48. b6 Kd7 49. c4 Kc6 50. c5 Nh5 0-1

[Event "CAN-op (Pinnacle 48th CAN Op Ch)"]
[Site "Toronto CAN"]
[Date "2011.07.14"]
[Round "6"]
[White "Kleinman, Michael"]
[Black "Hayder, Ali"]
[Result "1-0"]
[WhiteElo "2343"]
[BlackElo "2120"]
[PlyCount "65"]
[EventDate "2011.07.09"]
[EventType "swiss"]
[EventRounds "9"]
[EventCountry "CAN"]

1. e4 d5 2. exd5 Nf6 3. d4 Bg4 4. Nf3 Qxd5 5. Be2 Nc6 6. c4 Qd7 7. d5 Bxf3 8.
Bxf3 Ne5 9. Be2 e6 10. dxe6 Qxd1+ 11. Kxd1 O-O-O+ 12. Kc2 Bc5 13. exf7 Bxf2 14.
Rf1 Nc6 15. Rxf2 Nd4+ 16. Kd1 Nb3+ 17. Bd2 Nxa1 18. Bf3 Rd4 19. b3 Rf8 20. Kc1
Rxf7 21. Bc3 Nxb3+ 22. axb3 Rd3 23. Be4 Re3 24. Bxh7 Rfe7 25. Bf5+ Kb8 26. Kd2
a5 27. Na3 b6 28. Nc2 Ne4+ 29. Kxe3 Nxf2+ 30. Kxf2 Rf7 31. g4 g6 32. Kg2 gxf5
33. g5 1-0

[Event "CAN-op (Pinnacle 48th CAN Op Ch)"]
[Site "Toronto CAN"]
[Date "2011.07.17"]
[Round "9"]
[White "Cao, Jason"]
[Black "Kleinman, Michael"]
[Result "0-1"]
[WhiteElo "1908"]
[BlackElo "2343"]
[PlyCount "68"]
[EventDate "2011.07.09"]
[EventType "swiss"]
[EventRounds "9"]
[EventCountry "CAN"]

1. e4 c5 2. Nf3 d6 3. d4 cxd4 4. Nxd4 Nf6 5. Nc3 g6 6. Be3 Bg7 7. f3 Nc6 8. Qd2
O-O 9. O-O-O d5 10. exd5 Nxd5 11. Nxc6 bxc6 12. Bd4 Bxd4 13. Qxd4 Qc7 14. h4
Rd8 15. h5 Bf5 16. hxg6 Bxg6 17. Bc4 Bxc2 18. Bxd5 Rxd5 19. Nxd5 cxd5 20. Rde1
Rc8 21. Kd2 Qa5+ 22. b4 Qa6 23. Rxe7 Bg6 24. Rhe1 Qxa2+ 25. Ke3 Qxg2 26. Kf4
Qh2+ 27. Kg4 Qg2+ 28. Kf4 Qh2+ 29. Kg4 Bh5+ 30. Kf5 Qh3+ 31. Kg5 h6+ 32. Kxh6
Bg6+ 33. Kg5 Qh5+ 34. Kf4 Qh4+ 0-1

[Event "CYCC U18"]
[Site "Richmond Hill CAN"]
[Date "2011.07.06"]
[Round "1"]
[White "Kleinman, Michael"]
[Black "Miller, David"]
[Result "1-0"]
[WhiteElo "2343"]
[BlackElo "1936"]
[PlyCount "94"]
[EventDate "2011.07.06"]
[EventType "swiss"]
[EventRounds "7"]
[EventCountry "CAN"]

1. e4 c5 2. Nc3 e6 3. Nf3 a6 4. d4 cxd4 5. Nxd4 Nc6 6. Nxc6 bxc6 7. Bd3 d5 8.
O-O Nf6 9. Re1 Be7 10. e5 Nd7 11. Qg4 Kf8 12. b3 h5 13. Qf3 Kg8 14. Bb2 Bb7 15.
Ne2 c5 16. Nf4 Bf8 17. Qh3 Qe7 18. Nxh5 Qg5 19. Be2 d4 20. f4 Qg6 21. Rac1 Nb6
22. Rf1 Be4 23. Rf2 Nd5 24. Qg4 Qh6 25. h3 Bg6 26. Ng3 Ne3 27. Qg5 Qxg5 28.
fxg5 Nxc2 29. Bf3 Rd8 30. Rfxc2 Bxc2 31. Rxc2 Be7 32. g6 fxg6 33. Bg4 Kf7 34.
Rf2+ Ke8 35. Bxe6 Bg5 36. Rf1 Be3+ 37. Kh1 Rf8 38. Rd1 Rf2 39. Ba3 d3 40. Nf1
Rxa2 41. Nxe3 Rxa3 42. Bc4 a5 43. Nd5 Kd7 44. Rxd3 Kc6 45. e6 Re8 46. e7 Ra1+
47. Kh2 Re1 1-0

[Event "CYCC U18"]
[Site "Richmond Hill CAN"]
[Date "2011.07.08"]
[Round "6"]
[White "Orlova, Yelizaveta"]
[Black "Kleinman, Michael"]
[Result "0-1"]
[WhiteElo "2073"]
[BlackElo "2343"]
[PlyCount "130"]
[EventDate "2011.07.06"]
[EventType "swiss"]
[EventRounds "7"]
[EventCountry "CAN"]

1. Nf3 Nf6 2. b3 g6 3. Bb2 Bg7 4. e3 O-O 5. Be2 d6 6. d4 Nbd7 7. c4 e5 8. dxe5
Ng4 9. Nc3 Ngxe5 10. O-O Nc5 11. Nd4 a5 12. f4 Nc6 13. Nxc6 bxc6 14. Bf3 Bd7
15. Qd2 Qe7 16. Rae1 Rfb8 17. Ba3 Ne6 18. g3 Ra6 19. Bg2 f5 20. e4 Qf7 21. e5
Rd8 22. Qc1 Bc8 23. Kh1 h5 24. Rf2 dxe5 25. fxe5 Kh7 26. Na4 Qe8 27. Qb2 Bh6
28. Nc5 Nxc5 29. Bxc5 Be6 30. Qc2 Raa8 31. Be3 Bxe3 32. Rxe3 Qd7 33. Bf3 Kg7
34. Re1 Ra6 35. Rd1 Qe7 36. Rfd2 Rxd2 37. Qxd2 a4 38. Qe2 Qc5 39. Qg2 Qxe5 40.
Bxc6 a3 41. Rf1 Rb6 42. Bd5 Bxd5 43. cxd5 Rd6 44. Rc1 Rd7 45. h4 Kf8 46. Rd1 c6
47. Qd2 Qxd5+ 48. Qxd5 cxd5 49. Rd2 Ke7 50. Kg2 Kd6 51. Kf3 Kc5 52. Ke2 d4 53.
Kd3 Kd5 54. Kc2 Rc7+ 55. Kd1 Rc3 56. Rg2 d3 57. Rd2 Ke4 58. Rf2 Ke3 59. Rd2 Rc6
60. Rh2 Kf3 61. Rd2 Rd6 62. b4 Ke3 63. Rh2 Rb6 64. Kc1 Rxb4 65. Rg2 Rb2 0-1

[Event "CAN-ch U20"]
[Site "Mississauga CAN"]
[Date "2011.04.21"]
[Round "1"]
[White "Giblon, Rebecca"]
[Black "Kleinman, Michael"]
[Result "0-1"]
[WhiteElo "1580"]
[BlackElo "2279"]
[PlyCount "148"]
[EventDate "2011.04.22"]
[EventType "swiss"]
[EventRounds "9"]
[EventCountry "CAN"]

1. e4 c5 2. Nf3 d6 3. d4 cxd4 4. Nxd4 Nf6 5. Nc3 g6 6. Be3 Bg7 7. f3 Nc6 8. Qd2
O-O 9. g4 Be6 10. O-O-O Nxd4 11. Bxd4 Qa5 12. a3 Rfc8 13. Be3 Nxg4 14. Bd4 Ne5
15. Be2 Nc4 16. Bxc4 Rxc4 17. Bxg7 Kxg7 18. Nd5 Qxd2+ 19. Rxd2 Bxd5 20. exd5
Rac8 21. Re1 Kf6 22. Rde2 R8c7 23. c3 Rf4 24. Re3 Rf5 25. Rd3 Rc5 26. Red1 Rc4
27. b3 Rcf4 28. Rf1 g5 29. Kd2 h5 30. c4 g4 31. fxg4 Rxf1 32. gxf5 Rf2+ 33. Kc3
Rxh2 34. b4 b6 35. c5 bxc5 36. bxc5 dxc5 37. d6 exd6 38. Rxd6+ Kxf5 39. Rd7
Rh3+ 40. Kb2 Ke6 41. Rxa7 Rf3 42. Ra4 Rf6 43. Rh4 Rh6 44. a4 Kf5 45. a5 Kg5 46.
Ra4 Ra6 47. Kc3 h4 48. Kc4 h3 49. Kb5 Rh6 50. Ra1 h2 51. Rh1 Kg4 52. a6 Kg3 53.
a7 Rh8 54. Kxc5 Kg2 55. Ra1 h1=Q 56. Rxh1 Kxh1 57. Kb6 f5 58. Kb7 f4 59. a8=Q
Rxa8 60. Kxa8 f3 61. Kb7 f2 62. Kc6 f1=Q 63. Kd5 Qe2 64. Kd4 Kg2 65. Kc3 Qe4
66. Kd2 Qf3 67. Kc2 Qe3 68. Kb2 Qd3 69. Ka1 Qe2 70. Kb1 Kf3 71. Ka1 Ke3 72. Kb1
Kd3 73. Ka1 Kc3 74. Kb1 Qb2# 0-1

[Event "CAN-ch U20"]
[Site "Mississauga CAN"]
[Date "2011.04.22"]
[Round "2"]
[White "Kleinman, Michael"]
[Black "Zhou, Qiyu"]
[Result "1-0"]
[WhiteElo "2279"]
[BlackElo "1778"]
[PlyCount "55"]
[EventDate "2011.04.22"]
[EventType "swiss"]
[EventRounds "9"]
[EventCountry "CAN"]

1. e4 c5 2. Nf3 Nc6 3. Nc3 e6 4. d4 d5 5. exd5 exd5 6. dxc5 d4 7. Ne4 Qd5 8.
Bd3 Bxc5 9. Qe2 Be6 10. O-O Nge7 11. Nfg5 Bb6 12. Nxe6 Qxe6 13. Bf4 O-O 14. Qh5
f5 15. Ng5 Qg6 16. Bc4+ Kh8 17. Nf7+ Rxf7 18. Bxf7 Qxh5 19. Bxh5 Nd5 20. Bd2
Ne5 21. Rae1 Bc7 22. Be2 a6 23. Bd3 g6 24. Re2 Kg7 25. Rfe1 Rd8 26. Rxe5 Bxe5
27. Rxe5 Kf6 28. f4 1-0

[Event "CAN-ch U20"]
[Site "Mississauga CAN"]
[Date "2011.04.23"]
[Round "3"]
[White "Sapozhnikov, Roman"]
[Black "Kleinman, Michael"]
[Result "1-0"]
[WhiteElo "2443"]
[BlackElo "2270"]
[PlyCount "65"]
[EventDate "2011.04.22"]
[EventType "swiss"]
[EventRounds "9"]
[EventCountry "CAN"]

1. e4 c5 2. Nc3 e6 3. Nf3 Nc6 4. d4 cxd4 5. Nxd4 Qc7 6. Be3 a6 7. Be2 Nf6 8. a3
b5 9. Nxc6 dxc6 10. f4 Be7 11. O-O O-O 12. e5 Nd5 13. Nxd5 exd5 14. Bd3 c5 15.
c3 f5 16. exf6 Rxf6 17. Qh5 Kf8 18. Bxh7 Be6 19. f5 Bg8 20. Bg6 Rc6 21. Rae1
Bf6 22. Bf4 Qd7 23. g4 Be7 24. f6 Rxf6 25. g5 Rxg6 26. Qxg6 Bf7 27. Bg3 Bf6 28.
Qf5 Qxf5 29. Rxf5 Bg6 30. Rf2 Kf7 31. gxf6 gxf6 32. Bh4 Be4 33. Rxf6+ 1-0

[Event "CAN-ch U20"]
[Site "Mississauga CAN"]
[Date "2011.04.23"]
[Round "4"]
[White "Kleinman, Michael"]
[Black "Gladstone, Simon"]
[Result "1-0"]
[WhiteElo "2279"]
[BlackElo "1999"]
[PlyCount "169"]
[EventDate "2011.04.22"]
[EventType "swiss"]
[EventRounds "9"]
[EventCountry "CAN"]

1. e4 e6 2. d4 d5 3. Nd2 Be7 4. Ngf3 Nf6 5. e5 Nfd7 6. Bd3 c5 7. c3 Nc6 8. O-O
Qb6 9. dxc5 Bxc5 10. Qe2 f6 11. b4 Be7 12. exf6 Bxf6 13. Qxe6+ Ne7 14. Qxb6
Nxb6 15. Nd4 Bd7 16. N2b3 Rc8 17. Nc5 O-O 18. Bd2 Nc6 19. Nxd7 Nxd7 20. Nxc6
Rxc6 21. Bb5 Rc7 22. Bxd7 Rxd7 23. Rac1 Rc8 24. Be3 Rxc3 25. Rxc3 Bxc3 26. Bxa7
Bxb4 27. Bd4 Kf7 28. Rb1 Be7 29. Rb6 Rc7 30. g3 Rc4 31. Be5 Re4 32. Bd6 Re6 33.
Bc7 Rxb6 34. Bxb6 Bf6 35. Kf1 Ke6 36. Ke2 Kf5 37. Kf3 h5 38. h3 g5 39. g4+
hxg4+ 40. hxg4+ Ke6 41. Ke3 Be5 42. Kd3 Bf4 43. Kd4 Bc1 44. Bc7 Ba3 45. f3 Kd7
46. Ba5 Kc6 47. Bd2 Be7 48. Bc1 b6 49. a4 Bf6+ 50. Kd3 Kd6 51. Be3 Bd8 52. Bd4
Ke6 53. Kc2 Kd6 54. Kd3 Ke6 55. Ke3 Kd6 56. f4 gxf4+ 57. Kxf4 Ke6 58. g5 Bxg5+
59. Kxg5 Kd7 60. Kf6 Kc7 61. Ke7 Kb7 62. Kd6 Ka6 63. Bc3 d4 64. Be1 Kb7 65. Kd7
Ka8 66. Kc6 Ka7 67. Kb5 Kb7 68. Kc4 Kc6 69. Bb4 d3 70. Bd2 Kb7 71. Kxd3 Ka7 72.
Kc4 Ka6 73. Be1 Ka7 74. Bg3 Ka6 75. Kb4 Ka7 76. Kb5 Kb7 77. Bd6 Ka8 78. Bb4 Kb7
79. Bc3 Ka8 80. Kc6 Kb8 81. Bb4 Ka8 82. Kc7 Ka7 83. Bd2 Ka6 84. Kb8 b5 85. a5
1-0

[Event "CAN-ch U20"]
[Site "Mississauga CAN"]
[Date "2011.04.25"]
[Round "9"]
[White "Peng, Jackie"]
[Black "Kleinman, Michael"]
[Result "0-1"]
[WhiteElo "1952"]
[BlackElo "2279"]
[PlyCount "42"]
[EventDate "2011.04.22"]
[EventType "swiss"]
[EventRounds "9"]
[EventCountry "CAN"]

1. e4 c5 2. Nf3 e6 3. d4 cxd4 4. Nxd4 Nc6 5. Nc3 Qc7 6. Be2 a6 7. Be3 Nf6 8.
O-O Bb4 9. f4 Bxc3 10. bxc3 Nxe4 11. Bd3 Nf6 12. Nxc6 Qxc6 13. Bd4 d6 14. Re1
b5 15. Qe2 Bb7 16. c4 bxc4 17. Bxc4 O-O 18. Bd3 e5 19. fxe5 dxe5 20. Bxe5 Rfe8
21. Qd2 Qc5+ 0-1

[Event "Hamilton Winter op"]
[Site "Hamilton CAN"]
[Date "2011.03.26"]
[Round "1"]
[White "Kleinman, Michael"]
[Black "Singh, Raymond"]
[Result "0-1"]
[WhiteElo "2260"]
[BlackElo "1956"]
[PlyCount "118"]
[EventDate "2011.03.26"]
[EventType "swiss"]
[EventRounds "6"]
[EventCountry "CAN"]

1. e4 e5 2. Nf3 Nc6 3. Bb5 a6 4. Ba4 Nf6 5. O-O Be7 6. Re1 b5 7. Bb3 d6 8. c3
O-O 9. h3 Na5 10. Bc2 c5 11. d4 Qc7 12. d5 Bd7 13. b3 c4 14. Ba3 Bd8 15. Nbd2
cxb3 16. axb3 Re8 17. Re3 Nb7 18. Nf1 Qb8 19. Ng3 Bb6 20. Re2 Rc8 21. Qd2 Qc7
22. Bb2 Ba5 23. b4 Bb6 24. Nh4 h6 25. Nhf5 Bxf5 26. Nxf5 Kh7 27. Kh2 Ng8 28. f4
g6 29. Nh4 Qe7 30. Nf3 f6 31. Bd3 Nd8 32. Ree1 Nf7 33. g3 h5 34. Qe2 Ngh6 35.
Ra3 g5 36. Rea1 exf4 37. gxf4 g4 38. Nd4 f5 39. Ne6 Qh4 40. Qg2 Bf2 41. exf5
g3+ 42. Kh1 Ng4 43. Bc1 Be3 44. Bxe3 Nxe3 45. Qd2 Qxh3+ 46. Kg1 g2 47. Be2 Rg8
48. Qe1 Nc2 49. Qb1 Qh1+ 50. Kf2 Qxb1 51. Rxb1 Nxa3 52. Rg1 Kh6 53. Bf3 Rac8
54. f6 Rxc3 55. Ng7 Rc2+ 56. Be2 Rxg7 57. fxg7 Kxg7 58. Rxg2+ Kf6 59. Ke3 Nc4+
0-1

[Event "Hamilton Winter op"]
[Site "Hamilton CAN"]
[Date "2011.03.26"]
[Round "3"]
[White "Kleinman, Michael"]
[Black "Ferreira, Alex"]
[Result "1/2-1/2"]
[WhiteElo "2260"]
[BlackElo "2081"]
[PlyCount "156"]
[EventDate "2011.03.26"]
[EventType "swiss"]
[EventRounds "6"]
[EventCountry "CAN"]

1. e4 e5 2. Nf3 Nc6 3. Bb5 Nf6 4. O-O Nxe4 5. Re1 Nd6 6. Nxe5 Nxe5 7. Rxe5+ Be7
8. Bd3 O-O 9. c3 Bf6 10. Re1 Re8 11. Bc2 Rxe1+ 12. Qxe1 Qe8 13. Qe3 Bg5 14. f4
Qxe3+ 15. dxe3 Be7 16. e4 Nc4 17. Kf2 b5 18. b3 Nb6 19. Be3 Bb7 20. Nd2 d6 21.
Bd3 a6 22. c4 bxc4 23. Nxc4 Nxc4 24. bxc4 a5 25. c5 Ba6 26. Bxa6 Rxa6 27. Rb1
f6 28. Rb5 a4 29. Ke2 dxc5 30. Bxc5 Bxc5 31. Rxc5 Rb6 32. Kd3 c6 33. g3 Kf7 34.
Rc4 Ra6 35. Kc3 Ke6 36. Kb2 Kd6 37. Ka3 Ra7 38. Rxa4 Re7 39. Kb3 g5 40. Kc3
gxf4 41. gxf4 Rg7 42. Rd4+ Kc5 43. Rc4+ Kd6 44. Kd3 Rg2 45. Rc2 Rg7 46. Kd4 Ra7
47. e5+ fxe5+ 48. fxe5+ Kd7 49. Ke4 Ra3 50. Rg2 Ke6 51. Rd2 Ra4+ 52. Rd4 Rxa2
53. Rd6+ Ke7 54. Rh6 Re2+ 55. Kf4 c5 56. Rxh7+ Ke6 57. Rh6+ Ke7 58. Kf5 Rf2+
59. Kg4 Rd2 60. h4 c4 61. Kf5 Rf2+ 62. Ke4 c3 63. Rc6 c2 64. h5 Rh2 65. Kd5
Rd2+ 66. Ke4 Rh2 67. h6 Rxh6 68. Rxc2 Rh1 69. Rc7+ Ke6 70. Rc6+ Ke7 71. Rc3
Re1+ 72. Re3 Rxe3+ 73. Kxe3 Ke6 74. Ke4 Ke7 75. Kd5 Kd7 76. e6+ Ke7 77. Ke5 Ke8
78. Kf5 Ke7 1/2-1/2

[Event "Winter op"]
[Site "Kitchener CAN"]
[Date "2011.03.12"]
[Round "1"]
[White "Lacau Rodean, Iulia"]
[Black "Kleinman, Michael"]
[Result "0-1"]
[WhiteElo "2068"]
[BlackElo "2170"]
[PlyCount "90"]
[EventDate "2011.03.12"]
[EventType "swiss"]
[EventRounds "5"]
[EventCountry "CAN"]

1. e4 c5 2. Nf3 d6 3. g3 Nf6 4. d3 Nc6 5. Bg2 e6 6. O-O Be7 7. h3 O-O 8. c3 d5
9. e5 Nd7 10. d4 b6 11. Nh2 Qc7 12. Be3 cxd4 13. cxd4 Ba6 14. Re1 Nb4 15. Nc3
Nd3 16. Re2 Nxb2 17. Rxb2 Qxc3 18. Rc2 Qd3 19. Qxd3 Bxd3 20. Rc7 Rfd8 21. Bf1
Bxf1 22. Nxf1 Kf8 23. a4 Ke8 24. Rac1 Rdb8 25. Rb1 Rc8 26. Rbc1 Rxc7 27. Rxc7
Kd8 28. Rc6 Rc8 29. Rxc8+ Kxc8 30. Nd2 Kb7 31. Nb3 Bb4 32. Kf1 b5 33. axb5 Kb6
34. Ke2 Kxb5 35. Kd3 a5 36. g4 Nb6 37. Nc1 Ka4 38. Kc2 Nc4 39. Bf4 Kb5 40. Na2
Na3+ 41. Kd3 Ka4 42. Nxb4 axb4 43. Bc1 Kb3 44. f4 Ka2 45. f5 b3 0-1

[Event "Winter op"]
[Site "Kitchener CAN"]
[Date "2011.03.12"]
[Round "2"]
[White "Kleinman, Michael"]
[Black "Olheiser, Gordon"]
[Result "1/2-1/2"]
[WhiteElo "2170"]
[BlackElo "1916"]
[PlyCount "76"]
[EventDate "2011.03.12"]
[EventType "swiss"]
[EventRounds "5"]
[EventCountry "CAN"]

1. e4 e6 2. d4 d5 3. Nd2 c5 4. exd5 Qxd5 5. Ngf3 cxd4 6. Bc4 Qd8 7. O-O Nc6 8.
Nb3 Nf6 9. Nbxd4 Nxd4 10. Nxd4 Bc5 11. Nb5 a6 12. Qxd8+ Kxd8 13. Rd1+ Ke7 14.
Nd4 Bd7 15. Be2 Rac8 16. c4 Rhd8 17. Be3 e5 18. Nc2 Be6 19. Rxd8 Kxd8 20. Bxc5
Rxc5 21. b4 Rc7 22. Ne3 b6 23. g3 Rd7 24. Kg2 Ne4 25. Rd1 Nc3 26. Rxd7+ Kxd7
27. Bd3 Nxa2 28. b5 axb5 29. cxb5 Nc3 30. Bxh7 g6 31. f4 exf4 32. gxf4 Nd5 33.
Kf3 Nf6 34. f5 Nxh7 35. fxe6+ Kxe6 36. Nc4 Kd5 37. Nxb6+ Kc5 38. Nd7+ Kxb5
1/2-1/2

[Event "Winter op"]
[Site "Kitchener CAN"]
[Date "2011.03.12"]
[Round "3"]
[White "Jung, Hans"]
[Black "Kleinman, Michael"]
[Result "1-0"]
[WhiteElo "2118"]
[BlackElo "2170"]
[PlyCount "83"]
[EventDate "2011.03.12"]
[EventType "swiss"]
[EventRounds "5"]
[EventCountry "CAN"]

1. e4 c5 2. Nf3 d6 3. Bb5+ Bd7 4. Bxd7+ Qxd7 5. O-O Nf6 6. Qe2 g6 7. e5 dxe5 8.
Nxe5 Qc7 9. Nc3 a6 10. d3 Nbd7 11. Bf4 Nh5 12. Nd5 Qd6 13. Nxd7 Nxf4 14. N7f6+
Kd8 15. Nxf4 exf6 16. Qf3 Rc8 17. Rfe1 Rc6 18. Nd5 f5 19. Rab1 Qd7 20. c4 Bd6
21. a3 g5 22. Qh5 f6 23. g3 Be5 24. Rxe5 fxe5 25. Qxg5+ Kc8 26. Ne7+ Kc7 27.
Nxc6 bxc6 28. Qe3 Qd4 29. Re1 Re8 30. Qd2 Rd8 31. Qa5+ Kd7 32. b4 Qc3 33. Rf1
cxb4 34. axb4 Rb8 35. Qxa6 Rxb4 36. Qa7+ Kd6 37. Qxh7 Qxd3 38. c5+ Kxc5 39.
Qe7+ Qd6 40. Rc1+ Kd5 41. Qf7+ Qe6 42. Rc5+ 1-0

[Event "Winter op"]
[Site "Kitchener CAN"]
[Date "2011.03.13"]
[Round "4"]
[White "Kleinman, Michael"]
[Black "Itkin, David"]
[Result "1-0"]
[WhiteElo "2170"]
[BlackElo "1928"]
[PlyCount "87"]
[EventDate "2011.03.12"]
[EventType "swiss"]
[EventRounds "5"]
[EventCountry "CAN"]

1. e4 c5 2. Nf3 d6 3. d4 Nf6 4. Nc3 cxd4 5. Nxd4 Nc6 6. Bc4 Qb6 7. Nxc6 bxc6 8.
O-O e6 9. Bf4 d5 10. exd5 cxd5 11. Bxd5 Bb7 12. Bxb7 Qxb7 13. Qd4 Be7 14. Qa4+
Nd7 15. Rfd1 Rd8 16. Qb5 Qc8 17. Bd6 Bxd6 18. Rxd6 O-O 19. Qa5 Qb8 20. Rad1 Nb6
21. Rxd8 Rxd8 22. Rxd8+ Qxd8 23. Qxa7 h6 24. g3 Nc4 25. Qb7 Qd4 26. Kg2 Nd6 27.
Qf3 Qb4 28. Qc6 Nf5 29. Ne4 Qxb2 30. Qe8+ Kh7 31. Qxf7 Qe5 32. Qb7 Ne7 33. f4
Qd4 34. c3 Qc4 35. Nf6+ Kh8 36. Qxe7 Qe2+ 37. Kh3 gxf6 38. Qf8+ Kh7 39. Qf7+
Kh8 40. Qxf6+ Kh7 41. Qf7+ Kh8 42. Qg6 h5 43. a4 h4 44. Qg4 1-0

[Event "Winter op"]
[Site "Kitchener CAN"]
[Date "2011.03.13"]
[Round "5"]
[White "Raheb, David"]
[Black "Kleinman, Michael"]
[Result "1/2-1/2"]
[WhiteElo "2244"]
[BlackElo "2170"]
[PlyCount "31"]
[EventDate "2011.03.12"]
[EventType "swiss"]
[EventRounds "5"]
[EventCountry "CAN"]

1. d4 Nf6 2. c4 g6 3. Nf3 Bg7 4. g3 O-O 5. Bg2 c5 6. O-O cxd4 7. Nxd4 Nc6 8.
Nc3 Nxd4 9. Qxd4 d6 10. b3 Be6 11. Qd2 Qd7 12. Bb2 Bh3 13. Nd5 Bxg2 14. Bxf6
Bxd5 15. Bxg7 Kxg7 16. Qxd5 1/2-1/2